000 00480ntaaa2200181 4500
003 01
005 20251027201952.0
008 0714s1973 ag 01
040 _aAR-BaBN
_bspa
_cAR-BaBN
_eaacr
_dRIC
082 _a254.0000 H68
100 _aHoh, Paul
_918242
245 _aParish practice
250 _arev. ed. :
_bMuhlenberg Press,
_cc/956
300 _avii, 248 p.
500 _aa manual of Church Administration
650 _aAdministración EclesiÔstica
_91364
942 _cBK
999 _c14436
_d14436